000 005250000a22001810004500
003 MACL
005 20160317121005.0
008 160317b xxu||||| |||| 00| 0 eng d
040 _aMACL
_cMACL
041 _aHindi
082 _a891.432
100 _aभगवतीचरण वर्मा
_946826
245 _aरूपया तुम्‍हें खा गया
260 _bराजकमल प्रकाशन
_c1972
_aपटना
350 _a3
650 _aDrama
_946827
942 _cHIN
_k891.432
_2ddc
999 _c26190
_d26190